[Event "Main Vogelsberg Seniors-ch 1st"]
[Site "Grossauheim"]
[Date "2006.04.27"]
[Round "7"]
[White "Kwiatkowski, Theo"]
[Black "Klar, Rolf Dewet"]
[Result "0-1"]
[WhiteElo "1448"]
[BlackElo "1458"]
[PlyCount "94"]
[EventDate "2006.03.02"]
[EventType "swiss"]
[EventRounds "7"]
[EventCountry "GER"]
[SourceTitle "EXT 2007"]
[Source "ChessBase"]
[SourceDate "2006.11.23"]
[SourceVersion "1"]
[SourceVersionDate "2006.11.23"]
[SourceQuality "1"]

1. Nf3 d6 2. d4 c6 3. e4 Bg4 4. Bd3 e6 5. 0-0 Nf6 6. h3 Bh5 7. Be3 h6 8. Nbd2 Be7 9. c3 a6 10. a4 Bg6 11. Qc2 0-0 12. e5 Bxd3 13. Qxd3 Nd5 14. Ne4 Nxe3 15. fxe3 d5 16. Nf2 c5 17. Qc2 c4 18. e4 Nc6 19. Nd1 Na5 20. exd5 exd5 21. Ne3 Nb3 22. Ra2 g6 23. Ng4 h5 24. Ne3 a5 25. Kh1 Ra6 26. Qf2 f5 27. Nd2 f4 28. Nd1 Nc1 29. Ra1 Nd3 30. Qf3 Bh4 31. Nb3 Ne1 32. Rxe1 Bxe1 33. Nc5 Rb6 34. Nf2 Bd2 35. Rb1 Be3 36. e6 Re8 37. Nd7 Rbxe6 38. Ne5 Bxf2 39. Qxf2 g5 40. Qf3 Rh6 41. b4 Qf6 42. Qxd5+ Qe6 43. Qxb7 f3 44. Qxf3 g4 45. Qe3 Qf6 46. Qg3 Qf5 47. Kg1 Qxb1+ 0-1